Visualizzazione normale
Vista MARC
- Iglesia y Estado
di Topical Term
Records bibliografici associati: 1
001 - CONTROL NUMBER
- control field: 51708
003 - CONTROL NUMBER IDENTIFIER
- control field: IT-RoINE
005 - DATE AND TIME OF LATEST TRANSACTION
- control field: 20180717083454.0
008 - FIXED-LENGTH DATA ELEMENTS
- fixed length control field: 180717|| aca||aabn | a|a d
040 ## - CATALOGING SOURCE
- Original cataloging agency: IT-RoINE
- Transcribing agency: IT-RoINE
150 ## - HEADING--TOPICAL TERM
- Topical term or geographic name as entry element: Iglesia y Estado
- Chronological subdivision: 600-1500 (Edad media)
- Form subdivision: Congresos
670 ## - SOURCE DATA FOUND
- Source citation: Work cat.: (IT-RoINE)0: Settimana internazionale di studio (8ª. 1980. Mendola, Roma) 51706, La cristianità dei secoli XI e XII in occidente: conscienza e strutture di una società : , [1983]